Дело о службе мастерицы по гардеробу для чистки кружев и прочего Маргариты Буже

RUSMARC
00006105cbc2a2200000#x 450
001fd8d0352-757b-4eed-938b-b43d005bbf2e
00520200116160022.0
100##$a20170703l18491854k l0rusy0189 ca
1010#$arus
102##$aRU
2001#$aДело о службе мастерицы по гардеробу для чистки кружев и прочего Маргариты Буже
$j5 марта 1849 г. - 7 октября 1854 г.
251##$cДело
300##$aПо Санкт-Петербургской дирекции за 1849 год
300##$aОригинальный заголовок дела: Дело о службе состоявшей при санкт-петербургских театрах, уволенной мастерицы по гардеробу для чистки кружев, тюля и прочего иностранки Маргареты Буже
300##$aРукописный текст. Чернила
801#0$aRU
$bРГИА
$c20170703
801#1$aRU
$bГлавНИВЦ
$c20170703
$2rusmarc
801#2$aRU
$bПБ им. Б.Н. Ельцина
$c20181228
$gRCR
$2rusmarc
850##$aФедеральное казенное учреждение "Российский государственный исторический архив" (РГИА)
852##$aРГИА
$j12030
937##$hРГИА
$d12245397
$aASBIBLIO_SCAN
462#0$1001dd3991dc-24e1-42ec-8838-ca4255420416
$12001
$a1746-1850 гг.
$vД. 12030
$1251
$cОпись
$1852
$j1
461#0$10019264ebf8-de62-4f1a-9eb4-9f22098dbbd5
$12001
$aДирекция императорских театров МИДв
$1251
$cФонд
$1852
$j497
215##$a14 листов
$d36,5х26 см
371##$aДокумент не является опубликованным и широко распространяемым
105##$ay###
1222#$ad18490305##
$ad18541007##
035##$afd8d0352-757b-4eed-938b-b43d005bbf2e
856##$uhttp://readingroom.main.prlib.ru/item.aspx?id_node=n122638789&mode=full
5171#$aДело о службе состоявшей при санкт-петербургских театрах, уволенной мастерицы по гардеробу для чистки кружев, тюля и прочего иностранки Маргареты Буже
6061#$2nlr_sh1
$3RU\NLR\AUTH\661073452
$aТеатральные работники
$jДокументы и материалы
6061#$aТеатральный реквизит
$jДокументы и материалы
$2nlr_sh1
$3RU\NLR\AUTH\661073888
6061#$aИностранцы
$2nlr_sh
$3RU\NLR\AUTH\661326956
$yРоссия
$jДокументы и материалы
60101$2prlib_sh
$3LIBNET\UAF\0000083361
$aРоссия
$bДирекция императорских театров
$bПетербургская контора
$jДокументы и материалы
686##$2rubbk
$a85.33
$vLBC/M
686##$a63.3(2)52-7
$vLBC/M
$2rubbk
605##$2acquisition_Prlib
$3LIBNET\UAF\0000080478
$aГод театра в России
$lколлекция
605##$2acquisition_Prlib
$3DITM\AF\0000004166
$aРоссия в лицах
$lколлекция
Формат отображения